000 01236nam a2200205 a 4500
008 190917e2006 ag |||g |||| 001 0 spa d
020 _a9789872214265
041 _aspa
092 _c808
_l54
_sMOR
100 1 _aMorales, Máximo Damián
_94308
245 4 _aLos símbolos celtas y su significado ancestral /
_cMáximo Damián Morales
250 _a1a ed.
260 _aBuenos Aires:
_bTirnanog editorial;
_c2006.
300 _a128 p.
_c19x13 cm.
500 _aMorales, M. D. (2006). Los símbolos celtas y su significado ancestral. (1a ed.). Buenos Aires : Tirnanog editorial.
505 _aEl triskel, la triqueta, el lauburu, el espiral y los nudos son algunos de los símbolos de una cultura milenaria que ha cautivado a millones de personas en el mundo entero. Los celtas han dejado muy pocos documentos escritos, sin embargo sus símbolos perduraron en el tiempo, tanto en templos antiguos como en túmulos funerarios, vasijas y ornamentos. Este libro revela por primera vez el significado ancestral de cada uno de los símbolos para sumergirnos en una cultura fascinante y de profunda filosofía.
590 _a Proyecto 4to libro, Donación Maria Vitarelli, Diciembre 2017
655 _aLiteratura
_92917
942 _2ddc
_cLIT
999 _c3259
_d3259